| 000 | 00853cad a22002175a 4500 | ||
|---|---|---|---|
| 001 | L147349 | ||
| 008 | 090501e20090430xxk f s 000 0 eng d | ||
| 035 | _a(Sirsi) u147349 | ||
| 041 | 0 | _aeng | |
| 110 | 2 |
_aNationwide Building Society _91019 |
|
| 245 | 0 | 0 |
_aHouse prices fall slightly in April _h[electronic resource] |
| 260 | _c2009 | ||
| 490 |
_aNationwide Press Release _v30 April 2009 (4) |
||
| 520 | _aReports that the price of a typical house fell by 0.4% in April 2009. The average house price is now £151 861, down 15% from April 2008. | ||
| 590 | _aKA NTK | ||
| 650 | 2 | 4 | _aNATIONWIDE HOUSE PRICE INDEX |
| 651 | 4 |
_aUnited Kingdom _y |
|
| 690 | _aPROPERTY-RESIDENTIAL PROPERTY-RESIDENTIAL PROPERTY MARKET | ||
| 856 | 4 | 0 |
_uhttps://www.nationwide.co.uk/hpi/review.htm _zView the article free of charge at www.nationwide.co.uk... |
| 942 | _n0 | ||
| 999 |
_c81498 _d81498 |
||